000 00540nam a22001697a 4500
003 OSt
005 20250613161739.0
008 250610s1998 mx ||||| |||| 00| 0 spa d
020 _a9684442629
040 _cbesoc
245 1 0 _aTécnicas de investigación en sociedad, cultura y comunicación /
_cLuis Jesús Galindo Cáceres
260 _aMéxico :
_bAddison Wesley Longman,
_c1998
300 _a523 p.
650 4 _aMetodología de la investigación
_xCiencias sociales
700 1 _aGalindo Cáceres, Luis Jesús
_dautor
942 _2udc
_cOG
_n0
999 _c521
_d521